| 000 | 00337nam a2200121Ia 4500 | ||
|---|---|---|---|
| 008 | 220204s9999 xx 000 0 und d | ||
| 082 |
_a547.652 _bDON |
||
| 100 | _aDonaldson, Norman | ||
| 245 | 0 | _aChemistry and technology of naphthalene compounds | |
| 260 |
_aLondon _bEdward Arnold _c1958 |
||
| 650 | _aNaphthalene compound | ||
| 942 | _cBK | ||
| 999 |
_c28305 _d28305 |
||